Statistics for Biology Quiz 1

Click here to take the quiz!

General Stats

  • This quiz has been taken 26 times
  • The average score is 5 of 15

Answer Stats

HintAnswer% Correct
The study of the inter-relationship between organisms and their environmentEcology
77%
A group of individuals of one species that occupy the same habitat at the same time.Population
50%
When one organism is consumed by anotherPredation
50%
All the different species living and interacting in a particular place at a given timeCommunity
45%
The total mass of living material, normally measured in a specific area over a given period of timeBiomass
41%
How an organism fits into it environment. E.G. what the species is like, where it occurs, how it behaves and its interactions with other species.Ecological niche
41%
Conditions that influence population growth that are non-biologicalAbiotic factors
36%
In succession the first species to arisePioneer
36%
The range and variety of genes, species and habitats within a particular regionbiodiversity
27%
The organisms that make up the final stage of ecological successionClimax community
27%
Competetion that occurs between individuals of the same speciesIntraspecific
18%
A plant that is adapted to live in conditions in which there is a scarcity of water in the soilXerophyte
18%
The movement of an organism towards or away from an external stimulusTaxis
9%
Unit of the above (use template of weight per second)energy per area per time
5%
The amount of chemical energy as biomass produced in a given length of timeGross productivity
5%

Score Distribution

Percentile by Number Answered

Percent of People with Each Score

Your Score History

You have not taken this quiz